Регионална библиотека "Любен Каравелов" - Русе

Международен турнир по лека атлетика "Младост", ХІV, 1983 г. (Запис номер 447011)

MARC детайли
000 -Лидер
Контролно поле с фиксирана дължина 00937nam a2200229 a 4500
003 - Код на организацията, давaща контролен номер
Контролно поле BLK
005 - Дата и час на последна редакция
Контролно поле 20230808085817.0
008 - Елементи от данни с фиксирана дължина
fixed length control field 220302b bul|||||r ||||||| ||bul||
040 ## - Източник на каталожния запис
Идентификатор на билиотеката - собственик на записа BLK
041 ## - Код за език
Код за езика на текст/звукозапис или на отделно заглавие Български
Код за езика КДБФ Български
080 ## - УДК
Текстов определител УДК Гимнастика. Лека атлетика. Акробатика. Вж и 615.825.1; 791.86; 796.8; 796.91 ; Тежка атлетика вж 796.8
УДК код - определител по УДК 796.4
УДК определител (062)
УДК - код + определител 796.4(062)
139 ## - Редно поле
Авторски знак Мед - М 45
245 10 - Сведения за заглавието
Заглавие Международен турнир по лека атлетика "Младост", ХІV, 1983 г.
Физически носител (вид на носителя) [Малотир. изд.]
260 ## - Област на издателските данни
Място на издаване, разпространение и проч. б. м.
Име на издателя, разпространителя и проч. б. и.
Година на издаване 1980
300 ## - Физическа характеристика
Страници 23 с.
Илюстрации и др. със сн.
Размери/Мащаб 23 см
380 ## - Жанр
Жанр 793/799 Спорт
500 ## - Общи забележки
Забележка Бълг. федерация Лека атлетика, Окр. съвет на БСФС - Русе
653 #7 - Ключова дума – ненормативна
9 (RLIN) 189771
Ключова дума лека атлетика
852 ## - Местоположение
Форматна сигнатура К 796/799/М 45
Фондова буква Краезнание
999 ## - СИСТЕМНИ КОНТРОЛНИ НОМЕРА
Koha biblionumber 447011
Koha biblioitemnumber 447011
942 ## - АРТИКУЛИ
Вид на библиотечния материал Книги
Скрит в OPAC Не
Периодичен библиозапис Да
Koha issues (borrowed), all copies 1
944 ## - СЪЗДАВАНЕ И РЕДАКЦИЯ на ЗАПИСА
Създаване/Редакция Създаване
Дата на регистрацията/редакция 2022-03-02
Служител, извършил регистрацията/редакцията 30570
Статус, дата на статуса Моника Янева
Наличности
Код за отписване Код за изгубен артикул Източник на класификационната схема Код за повреда Коз за рестрикции Код за отдаване Артикулен № Име на библиотеката - собственик Име на библиотеката, в която се намира в момента Статус (Текущо местоположение) Дата на вписване в системата Местоположение - отдел Цена в лева Систематично азбучна сигнатура Баркод Цена в евро Служебен тип на артикула
  Не е изгубен Universal Decimal Classification Не е повреден само за читалня ползва се в читалня 874814 Регионална библиотека "Любен Каравелов" Русе Регионална библиотека "Любен Каравелов" Русе Краезнание 2022-03-10 Краезнание 2.00 К 796/799/М 45 120000867856 1.02 Книги
Vip Innovations Ltd, Rousse, Bulgaria 2025